000 00555nam a2200205Ia 4500
005 20250507130211.0
008 008 250505s9999 xx 000 0 eng d
037 _aSeries Article
040 _aEASL
_beng
_cEASL
041 _aeng
_2eng
084 _qEASL
100 _aPing Li
_9604307
245 0 _aThoughts on innovation in mainstream ideology research
260 _aChina
_bBeijing Routledge China
_c2012
300 _a171-181
650 _aChina
700 _aBailin Long
_9668782
942 _cSRA
999 _c1318284
_d1318284